LEADER 00879naa a2200217 u 4500 001 000000093341 003 CaOOAMICUS 005 20070226130133.0 008 010702m19351936fr u000 u fre u 035 $a10895019 040 $aPUL(R)$bita 100 1 $aVerdross-Drossberg, Alfred,$d1890-1980.$0(OLS)http://pul/name/11572 245 14$aLes principes généraux du droit dans la jurisprudence internationale /$cpar Alfred von Verdross. 260 $a[S. l. :$bs. n.],$c1935-1936. 300 $aP. [191-251] 504 $aBibliografia in nota. 650 4$aDiritto internazionale.$0(OLS)http://pul/subject/2505 773 0 $tRecueil des cours$gv.II (1935) 773 0 $tRecueil des cours 1935$w()59536 996 $6245$aLes principes généraux du droit dans la jurisprudence internationale$9(OLS)http://pul/title/120213 996 $6260$a[S. l. :$bs. n.]$9(OLS)http://pul/publisher/47882 LEADER 01017nam a2200229 u 4500 001 000000077708 003 CaOOAMICUS 005 20070226123341.0 008 040223s1866 enka u000 u eng u 035 $a10985054 040 $aPUL(R)$bita 100 1 $aParker, John Henry,$d1806-1884.$0(OLS)http://pul/name/51661 245 10$aMosaic pictures in Rome and Ravenna /$cbriefly described by John Henry Parker.. 260 $aOxford and London :$bJames Parker and Co.,$c1866. 300 $a50 p. :$bill. (antip.) ;$c20 cm 650 4$aMosaici$zItalia$zRavenna.$0(OLS)http://pul/subject/22701 650 4$aMosaici$zItalia$zRoma.$0(OLS)http://pul/subject/26991 850 $aPUL 852 $aPUL$W1$xDP1 Antico 800$y27$m140 B 28$j99769$nBK-PRI$b $qStampati Antico$B99769$CPULBib$Z2$F99769 $H $81 941 1 $a15 996 $6245$aMosaic pictures in Rome and Ravenna$9(OLS)http://pul/title/101891 996 $6260$aOxford and London :$bJames Parker and Co.$9(OLS)http://pul/publisher/75196